000 00824nam a2200241 i 4500
001 bg
100 1 _aNIESZPOREK, Tadeusz
245 1 0 _aPodstawy konstrukcji narzędzi skrawających do obróbki walcowych uzębień zewnętrzynych /
_cTadeusz Nieszporek ; Politechnika Częstochowska.
260 _aCzęstochowa :
_bWydawnictwa PC,
_c2004.
300 _a243 s. :
_brys., tab., wykr. ;
_c24 cm.
504 _aBibliogr. s. 238-241. Indeks.
650 9 _aAnaliza numeryczna
_xstosowanie
_xtechnika
650 9 _aKoła zębate
_xtechnologia
650 9 _aSkrawanie
_xnarzędzia i maszyny
_xprojekty
650 9 _aWalcowanie
020 _a8371932529
040 _cBPK
041 0 _apol
080 _a621.9:621.833:621.77:519.61/.64
920 _a83-7193-252-9
942 _cKS
008 s pl f |000 0 pol
999 _c45692
_d45692
856 _uhttp://koha.tu.koszalin.pl/cgi-bin/koha/opac-detail.pl?biblionumber=45692
_yKatalog online BPK